00383 2200145 4500001002100000008004100021035002000062245002200082100002200104260004500126300001400171082001400185650002500199990001300224INLIS000000000002231 ind  a0010-0423002231 aNEGERIKU TERCINTA aANASSYAH FARIZ AP aSURABAYAbCV PUSTAKA AGUNG HARAPANc2011 ahlm.ccm. a306.959 8 aKEBUDAYAAN INDONESIA a100275-1